Pura Sorte - Morte Súbita - Statistics

Estatísticas Gerais
  • Esse quiz foi jogado 1 529 vezes
  • A pontuação média é 3 de 15
Answers on the Grid
Answers color-coded by a green-red scale on the quiz's grid according to % correct below.
🍀 Pura Sorte?
🍀 Pura Sorte?
🍀 Pura Sorte?
🍀 Pura Sorte?
🍀 Pura Sorte?
🍀 Pura Sorte?
🍀 Pura Sorte?
🍀 Pura Sorte?
🍀 Pura Sorte?
🍀 Pura Sorte?
🍀 Pura Sorte?
🍀 Pura Sorte?
🍀 Pura Sorte?
🍀 Pura Sorte?
🍀 Pura Sorte?
🍀 Pura Sorte?
🍀 Pura Sorte?
🍀 Pura Sorte?
🍀 Pura Sorte?
🍀 Pura Sorte?
 
Estatísticas das Respostas
Resposta % Correto
🍀 Pura Sorte?
28%
🍀 Pura Sorte?
26%
🍀 Pura Sorte?
25%
🍀 Pura Sorte?
25%
🍀 Pura Sorte?
24%
🍀 Pura Sorte?
24%
🍀 Pura Sorte?
23%
🍀 Pura Sorte?
23%
🍀 Pura Sorte?
23%
🍀 Pura Sorte?
23%
🍀 Pura Sorte?
23%
🍀 Pura Sorte?
22%
🍀 Pura Sorte?
22%
🍀 Pura Sorte?
21%
🍀 Pura Sorte?
18%
Nenhum quiz correspondente encontrado
Distribuição das Pontuações
Porcentagem de Pessoas com Cada Pontuação
Percentil de Números Respondidos
Sua Pontuação Histórica
Você não jogou esse quiz